000 00739 a2200145 4500
003 Nust
005 20221026144253.0
040 _cNust
082 _a621.31,APP
245 _aApplied Electricity 2
260 _aMelbourne
_bengineering training section,post master general department
490 _acourse of technical instruction
505 _aIntroduction (Page-1), Alternating Currents in telecommunication (Page-2), Trigonometry and Right (Page-4), Values Of alternating current and voltage (Page-10), Phase (Page-11), Resistance in A.C. Circuits (Page-12), Inducate in A.C .Circuits (Page-13), Capcatines in A.C. Circuits (Page-17), Addition of out of Phase Voltage or Currents (Page-21), Test Questions (Page-24).
942 _2ddc
_cBK
999 _c194235
_d194235